Propiedad intelectual y salud pública (Registro nro. 7494)

Detalles MARC
000 -LEADER
fixed length control field 01502 a2200217 4500
001 - CONTROL NUMBER
control field 61954
005 - DATE AND TIME OF LATEST TRANSACTION
control field 20260407155912.0
008 - FIXED-LENGTH DATA ELEMENTS--GENERAL INFORMATION
fixed length control field 260407a2006 arg spa d
003 - CONTROL NUMBER IDENTIFIER
control field AR-UNSa-BCEJYS
040 ## - CATALOGING SOURCE
Original cataloging agency AR-UNSa-BCEJYS
Language of cataloging spa
Transcribing agency AR-UNSa-BCEJYS
080 ## - UNIVERSAL DECIMAL CLASSIFICATION NUMBER
Universal Decimal Classification number 347.77
Common auxiliary subdivision Propiedad industrial, comercial y científica. Derecho sobre patentes y marcas. Registro de modelos, planos, marcas y nombres comerciales
020 ## - INTERNATIONAL STANDARD BOOK NUMBER
International Standard Book Number 978-987-03-0840-9
041 ## - LANGUAGE CODE
Language code of text/sound track or separate title spa
100 1# - MAIN ENTRY--PERSONAL NAME
Personal name Correa, Carlos María
245 10 - TITLE STATEMENT
Title Propiedad intelectual y salud pública
264 #1 - PRODUCTION, PUBLICATION, DISTRIBUTION, MANUFACTURE, AND COPYRIGHT NOTICE
Place of production, publication, distribution, manufacture Buenos Aires :
Name of producer, publisher, distributor, manufacturer Universidad de Buenos Aires. Facultad de Derecho
Date of production, publication, distribution, manufacture, or copyright notice 2006
300 ## - PHYSICAL DESCRIPTION
Extent xiii, 272 p.
Dimensions 24 cm.
505 ## - FORMATTED CONTENTS NOTE
Formatted contents note 1. Internacionalización del sistema de patentes y nuevas tecnologías - 2. Medidas pro-competitivas en el marco del Acuerdo sobre los ADPIC – 3. Repercusiones de la Declaración de Doha relativa al Acuerdo sobre los ADPIC y la Salud Pública – 4. Integración de la salud pública en la legislación sobre patentes de los países en desarrollo – 5. Patentamiento de la segunda indicación farmacéutica – 6. Protección de los datos presentados para el registro de productos farmacéuticos – 7. La protección de la propiedad intelectual y la salud pública en el Tratado de Comercio Chile- Estados Unidos – 8. Bilateralismo en la propiedad intelectual y el acceso a medicamentos – 9. Protección de los sistemas de medicina tradicional
590 ## - LOCAL NOTE (RLIN)
Local note niveau_biblio:m niveau_hierar:0
942 ## - ADDED ENTRY ELEMENTS (KOHA)
Koha item type
Existencias
Withdrawn status Lost status Damaged status Not for loan Home library Current library Shelving location Date acquired Total checkouts Full call number Barcode Date last seen Price effective from Koha item type
        Biblioteca Prof. Eusebio Cleto del Rey Biblioteca Prof. Eusebio Cleto del Rey   07/04/2026   347.77 C824p L116228 07/04/2026 07/04/2026 Libro